000 00302nam a22001337a 4500
008 180922b xxu||||| |||| 00| 0 eng d
020 _a9780553379921
041 _aeng
080 _a371
100 _a25
101 _aEDU
245 _aCaring for Your School-Age Child
_cSchor, E.L
942 _2udc
_cBK
999 _c48279
_d48279